01295nam a2200325Ia 4500001001200000003000800012006001900020007001500039008004100054010001700095020003800112040002100150035002100171050002300192082001900215245011700234260006000351300001700411504005100428533015200479650001400631650002200645650001800667655002900685700002300714710007200737710001700809856012600826999001700952ebr10399499CaPaEBRm u cr cn|||||||||090630s2010 dcu sb 101 0 eng d z 2009026932 z9781589016460 (pbk. : alk. paper) aCaPaEBRcCaPaEBR a(OCoLC)65446666814aHV640b.D74 2010eb04a323.3/291422200aDriven from homeh[electronic resource] :bprotecting the rights of forced migrants /cDavid Hollenbach, editor. aWashington, D.C. :bGeorgetown University Press,c2010. aviii, 287 p. aIncludes bibliographical references and index. aElectronic reproduction.bPalo Alto, Calif. :cebrary,d2010.nAvailable via World Wide Web.nAccess may be limited to ebrary affiliated libraries. 0aRefugees. 0aForced migration. 0aHuman rights. 7aElectronic books.2local1 aHollenbach, David.2 aBoston College.bCenter for Human Rights and International Justice.2 aebrary, Inc.40uhttp://site.ebrary.com/lib/rucke/Doc?id=10399499zAn electronic book accessible through the World Wide Web; click to view c94686d94686